000 00698nam a2200217 a 4500
001 13040
003 BD-JhCC
005 20230615085240.0
008 230614b2022 b ||||| ||a| 00| 0 eng d
020 _a9789849474326
035 _a(BD-JhCC)13040
040 _aBD-JhCC
_dBD-JhCC
041 _aeng
082 _a658
_bMOL 2022
100 _a মোল্লা, মামুন
245 _aনতুন উদ্যোক্তাদের জন্য ১১১ ব্যবসায়িক আইডিয়া /
_cমামুন মোল্লা
260 _aঢাকা:
_bভাষাচিত্র;
_c2022
300 _a96p. :
_c21 cm.
650 _aBusiness
942 _2ddc
_cBK
999 _c13040
_d13040